000 00760nam a2200241 a 4500
001 BRL_1555
005 20190320211248.0
008 030314s1962----mx-aebo###---#000-0#spa-#
041 _aspa
044 _amx
050 4 _aF1219.1.X6
_b.S24 1962
100 1 _aSáenz, César A.
_d1916-
_923985
245 1 0 _aXochicalco
_btemporada 1960
_cCésar A. Sáenz.
260 _aMéxico
_bINAH
_c1962
300 _a83 p.
_bil., mapas, planos
_c23 cm.
440 0 _aDepartamento de Monumentos Pre-hispánicos. Informes
_v11
_927263
500 _aAu1441
504 _aBibliografía: p. 82-83
650 1 4 _aIndígenas de México
_xAntigüedades
_zMorelos (Estado)
_927264
651 4 _aXochicalco Sitio (México)
_xAntigüedades
_927265
902 _aGRL
942 _2lcc
_cB
999 _c10364
_d10364